| 000 | 01321nam a2200337 i 4500 | ||
|---|---|---|---|
| 001 | 000036448 | ||
| 003 | DO-SdBNP | ||
| 005 | 20260602134116.0 | ||
| 007 | ta | ||
| 008 | 120118s2002 dr a 000 0 spa d | ||
| 020 | _a9993493279 | ||
| 040 |
_aDO-SdBNP _bspa _cBNPHU _erda |
||
| 041 | _aspa | ||
| 082 | 4 |
_a972.93053 _bA162c _223 |
|
| 100 | 1 |
_aAbreú Cardet, José, _962665 _eautor _4aut. |
|
| 245 | 1 | 0 |
_aCuba y las expediciones de junio de 1959 / _cJosé Abreu Cardet ; edición y prólogo, Emilio Cordero Michel. |
| 264 | 4 |
_aSanto Domingo, República Dominicana : _bEditora Manatí, _c2002 |
|
| 300 |
_a156 páginas ; _c21 cm |
||
| 336 |
_atexto _btxt _2rdacontent |
||
| 337 |
_asin mediación _bn _2rdamedia |
||
| 338 |
_avolumen _bnc _2rdacarrier |
||
| 490 |
_aColección Estudios ; _vNo. 1 |
||
| 500 | _aIncluye referencias bibliográficas y notas al pie de las páginas | ||
| 504 | _aBibliografía : páginas 155-156 | ||
| 590 | _aInventariado, 2024/BT | ||
| 650 | 7 |
_2librunam _aCubanos _xHistoria _zRepública Dominicana _989842 |
|
| 651 |
_2armarc _aRepública Dominicana _xHistoria _yEra de Trujillo, 1930-1961 _978796 |
||
| 651 | 7 |
_2armarc _aCuba _xRelaciones exteriores _zRepública Dominicana _91701 |
|
| 700 | 1 |
_aCordero Michel, Emilio, _d1929-2018 _eeditor _eprologuista _4ed. _4pr. _944029 |
|
| 942 |
_2ddc _cLBS1 |
||
| 999 |
_c35939 _d35939 |
||